[Event "Let's Play Chess!"]
[Site "http://www.queenalice.com/game.php?id=26398"]
[Date "2005.8.29"]
[Round "-"]
[White "chrosc"]
[Black "wdlauzon"]
[Result "0-1"]
[WhiteElo "1100"]
[BlackElo "1727"]

1. e4 c5 2. e5 e6 3. Bb5 a6 4. Ba4 b5 5. Qf3 Nc6 6. b3 bxa4 7. Bb2 axb3 8. axb3
Qc7 9. Qf4 Nge7 10. Nf3 Ng6 11. Qc4 Ngxe5 12. Bxe5 Nxe5 13. Nxe5 Qxe5+ 14. Qe2
Qxa1 15. O-O Qf6 16. Qe4 d5 17. Qa4+ Bd7 18. Qa5 Be7 19. Re1 O-O 20. Qc7 Bb5 21.
Qe5 c4 22. Qxf6 Bxf6 23. Nc3 Bxc3 24. dxc3 cxb3 25. cxb3 Rfc8 26. Re3 d4 27.
cxd4 Rc1+ 28. Re1 Rxe1# 0-1

[Event "Let's Play Chess!"]
[Site "http://www.queenalice.com/game.php?id=26399"]
[Date "2005.8.29"]
[Round "-"]
[White "jailsonjr"]
[Black "chrosc"]
[Result "1-0"]
[WhiteElo "1436"]
[BlackElo "1155"]

1. e4 e5 2. Nf3 d5 3. exd5 Qxd5 4. Qe2 e4 5. c4 Qd3 6. Qxd3 exd3 7. Bxd3 Nc6 8.
O-O Be6 9. Re1 O-O-O 10. Nc3 Nd4 11. Nxd4 Rxd4 12. Bf1 Bxc4 13. Re8+ Kd7 14.
Rxf8 Bxf1 15. Kxf1 Ke7 16. Rc8 Nf6 17. Rxh8 Ng4 18. h3 Ne5 19. Rxh7 Nd3 20. Ne2
Rd5 21. Rxg7 c5 22. Nc3 Rf5 23. f3 Nxc1 24. Rxc1 b6 25. Re1+ Kf8 26. Rg4 f6 27.
Rge4 Re5 28. Rxe5 fxe5 29. Rxe5 Kf7 30. Nd5 b5 31. h4 Kg6 32. h5+ Kf7 33. g4 Kg7
34. g5 Kf7 35. g6+ Kg7 36. Kg2 Kh6 37. Nf4 c4 38. Rxb5 a5 39. Rxa5 Kg7 40. Rf5
c3 41. Ne6+ Kh6 42. g7 Kh7 43. dxc3 Kh6 44. Rg5 Kh7 45. g8=Q+ Kh6 46. Qg6# 1-0

[Event "Challenge"]
[Site "http://www.queenalice.com/game.php?id=26425"]
[Date "2005.8.29"]
[Round "-"]
[White "chrosc"]
[Black "Lucascg"]
[Result "0-1"]
[WhiteElo "1176"]
[BlackElo "1643"]

1. e4 c5 2. d4 cxd4 3. Qxd4 Nc6 4. Qa4 d6 5. Ba6 Nf6 6. Bb5 Bd7 7. Bxc6 Bxc6 8.
Qb4 Nxe4 9. f3 Nf6 10. Ne2 e5 11. O-O d5 12. Qh4 Be7 13. Bg5 Qb6+ 14. Kh1 Qxb2
15. Nbc3 Qxc2 16. a4 O-O 17. Rac1 Qg6 18. f4 exf4 19. Nxf4 Qf5 20. Nfxd5 Qd7 21.
Nxe7+ Qxe7 22. Bxf6 gxf6 23. Rxf6 Rae8 24. h3 Kh8 25. Nb5 Rg8 26. Nxa7 Bxg2+ 27.
Kh2 Qe2 28. Rf2 Qe5+ 29. Qg3 Qxg3+ 30. Kg1 Bxh3+ 31. Rg2 Qxg2# 0-1

[Event "AUTO-OPEN-135"]
[Site "http://www.queenalice.com/game.php?id=26448"]
[Date "2005.8.30"]
[Round "1"]
[White "Adelar"]
[Black "chrosc"]
[Result "1-0"]
[WhiteElo "1585"]
[BlackElo "1100"]

1. e4 e5 2. Nf3 d6 3. d4 exd4 4. Qxd4 Bg4 5. Qe3 Bxf3 6. Qxf3 Qf6 7. Qb3 b6 8.
Nc3 Ne7 9. Nd5 Nxd5 10. exd5 c6 11. dxc6 Nxc6 12. Bb5 Rc8 13. Qa4 Qd4 14. Bxc6+
Rxc6 15. Qxc6+ Kd8 16. O-O Qc5 17. Qa8+ Qc8 18. Qxa7 Qc7 19. Qa8+ Qc8 20. Qd5
Qe6 21. Qb5 d5 22. Bf4 Bc5 23. Rad1 Qf6 24. Rxd5+ Kc8 25. Qd7# 1-0

[Event "AUTO-OPEN-135"]
[Site "http://www.queenalice.com/game.php?id=26449"]
[Date "2005.8.30"]
[Round "1"]
[White "chrosc"]
[Black "Adelar"]
[Result "0-1"]
[WhiteElo "1100"]
[BlackElo "1583"]

1. g3 e5 2. Bg2 d5 3. d4 e4 4. f3 f5 5. fxe4 fxe4 6. b3 Be7 7. c4 c6 8. Nc3 Nf6
9. cxd5 cxd5 10. Bg5 O-O 11. Nh3 Nc6 12. O-O Bg4 13. Bxf6 Bxf6 14. Nf4 Bxd4+ 15.
Qxd4 Nxd4 16. Ne6 Nxe6 17. Rxf8+ Qxf8 18. e3 Qc5 19. Na4 Qxe3+ 20. Kh1 Bf3 21.
Bxf3 Qxf3+ 22. Kg1 Nd4 23. Rf1 Ne2# 0-1

[Event "AUTO-OPEN-135"]
[Site "http://www.queenalice.com/game.php?id=26478"]
[Date "2005.8.30"]
[Round "1"]
[White "chrosc"]
[Black "Eloisio"]
[Result "0-1"]
[WhiteElo "1166"]
[BlackElo "1350"]

1. e4 d5 2. Nc3 dxe4 3. Nxe4 e6 4. d4 Nc6 5. Be3 e5 6. Bb5 Bb4+ 7. c3 Ba5 8.
Bxc6+ bxc6 9. Nf3 f6 10. Qa4 Qd5 11. b4 Qxe4 12. Qxa5 Kd8 13. O-O Bg4 14. Qa6
Ne7 15. dxe5 Bxf3 16. Qb7 Kd7 17. gxf3 Qxf3 18. exf6 Qxf6 19. Bd4 Qg6+ 20. Kh1
Nd5 21. Rae1 Rhe8 22. Rxe8 Rxe8 23. b5 Re6 24. bxc6+ Rxc6 25. c4 Nf4 26. Rg1
Qe4+ 27. Rg2 Qxg2# 0-1

[Event "AUTO-OPEN-135"]
[Site "http://www.queenalice.com/game.php?id=26479"]
[Date "2005.8.30"]
[Round "1"]
[White "Eloisio"]
[Black "chrosc"]
[Result "1-0"]
[WhiteElo "1489"]
[BlackElo "1152"]

1. e4 e5 2. Nf3 Nc6 3. Bc4 d6 4. d3 Be6 5. Bxe6 fxe6 6. O-O d5 7. Nc3 dxe4 8.
Ng5 Nd4 9. Ngxe4 Bb4 10. Qh5+ Kf8 11. Qxe5 Bxc3 12. bxc3 Nxc2 13. Rb1 Qd5 14.
Qxd5 exd5 15. Nc5 Re8 16. Bf4 d4 17. cxd4 Nf6 18. Bxc7 Nxd4 19. Rxb7 Ne2+ 20.
Kh1 Kf7 21. Be5+ Re7 22. Rxe7+ Kxe7 23. Re1 Rc8 24. Rxe2 Rxc5 25. Bd4+ Kd6 26.
Bxc5+ Kxc5 27. Re7 Ng4 28. Rf7 g6 29. Rc7+ Kb6 30. Rf7 h5 31. Kg1 a5 32. Re7 g5
33. Rh7 h4 34. Rh5 Ne5 35. Rxg5 Nxd3 36. a4 Nf4 37. Rg4 Ne2+ 38. Kf1 Nc3 39.
Rxh4 Kc5 40. Re4 Nxe4 41. h4 Nf6 42. f4 Ne4 43. g4 Kd6 44. h5 Nf6 45. h6 Ke6 46.
g5 Kf7 47. gxf6 Kxf6 48. Kf2 Kg6 49. Kf3 Kxh6 50. Kg4 Kg6 51. f5+ Kf6 52. Kf4
Kf7 53. Ke5 Ke7 54. f6+ Kf7 55. Kf5 Kg8 56. Ke6 Kf8 57. f7 Kg7 58. Ke7 Kh8 59.
f8=Q+ Kh7 60. Qf6 Kg8 61. Qg5+ Kh7 62. Kf7 Kh8 63. Qg7# 1-0

[Event "Let's Play Chess!"]
[Site "http://www.queenalice.com/game.php?id=26652"]
[Date "2005.8.31"]
[Round "-"]
[White "chrosc"]
[Black "tpstar"]
[Result "0-1"]
[WhiteElo "1166"]
[BlackElo "1899"]

1. e4 e5 2. f4 exf4 3. Qg4 g5 4. g3 d6 5. gxf4 Bxg4 6. Be2 Bxe2 7. Nxe2 gxf4 8.
Nxf4 Qh4+ 9. Kd1 Qxf4 10. d3 Qf3+ 11. Kd2 Qxh1 12. Nc3 Bh6+ 13. Ke2 Bxc1 14. Nd1
Qg2+ 15. Nf2 Bxb2 16. Rh1 Bd4 17. Rf1 Nf6 18. c3 Bxf2 19. Rxf2 Qg5 20. a4 Ng4
21. Rg2 Qe3+ 22. Kf1 Qxd3+ 23. Ke1 Qe3+ 24. Kd1 Nf2+ 25. Rxf2 Qxf2 26. c4 Rg8
27. Kc1 Rg1# 0-1

[Event "Let's Play Chess!"]
[Site "http://www.queenalice.com/game.php?id=28172"]
[Date "2005.9.11"]
[Round "-"]
[White "chrosc"]
[Black "cadulima"]
[Result "1-0"]
[WhiteElo "1155"]
[BlackElo "1559"]

1. e4 e5 2. Nf3 d6 3. b3 Nc6 4. d4 exd4 5. Nxd4 Nxd4 6. Qxd4 c5 7. Qd5 Be6 8.
Qxb7 d5 9. Bb5+ Bd7 10. Bxd7+ Qxd7 11. Qxa8+ Qd8 12. Qxd8+ Kxd8 13. Be3 dxe4 14.
Nc3 Nf6 15. O-O-O+ Nd7 16. Rhe1 Be7 17. Nd5 Re8 18. Nxe7 Rxe7 19. Bg5 f6 20. Bd2
Nb6 21. Ba5+ Kc7 22. f3 e3 23. Re2 Kb7 24. Bxb6 axb6 25. Rd3 1-0

[Event "Let's Play Chess!"]
[Site "http://www.queenalice.com/game.php?id=28174"]
[Date "2005.9.11"]
[Round "-"]
[White "chrosc"]
[Black "Wifeykaz"]
[Result "0-1"]
[WhiteElo "1176"]
[BlackElo "1217"]

1. e4 e5 2. Nf3 d6 3. d4 c6 4. dxe5 dxe5 5. Qxd8+ Kxd8 6. Bc4 Nf6 7. Nxe5 Rg8 8.
Bxf7 Rh8 9. Bg5 Bb4+ 10. c3 Rf8 11. cxb4 Nd7 12. Bxf6+ Nxf6 13. Nd2 Ng4 14. Nxg4
Rxf7 15. Ne5 Re7 16. O-O-O Rxe5 17. Nc4+ Ke7 18. Nxe5 Ke6 19. f4 c5 20. bxc5 b5
21. Rd8 Bb7 22. Rxa8 Bxa8 23. c6 Kd6 24. Rd1+ Ke6 25. c7 Bb7 26. Rd7 Kf6 27. Nd3
Bxe4 28. c8=Q Bxd3 29. Rxd3 h5 30. Qc6+ Kf5 0-1

[Event "Challenge"]
[Site "http://www.queenalice.com/game.php?id=35571"]
[Date "2005.10.30"]
[Round "-"]
[White "chrosc"]
[Black "Doctor"]
[Result "1-0"]
[WhiteElo "1148"]
[BlackElo "1206"]

1. e4 e6 2. Nf3 b6 3. d4 Bb7 4. d5 exd5 5. exd5 Qe7+ 6. Qe2 Qxe2+ 7. Bxe2 Bd6 8.
c4 Ne7 9. O-O O-O 10. Nc3 c6 11. dxc6 Nbxc6 12. Re1 Nb4 13. Nd4 Rab8 14. a3 Na6
15. Ndb5 Bc5 16. Bf4 Ra8 17. b4 Nxb4 18. axb4 Bxb4 19. Bf3 Bxf3 20. gxf3 Nf5 21.
Re5 g6 22. Rb1 d6 23. Rd5 Bc5 24. Ne4 Kg7 25. Nbxd6 1-0

[Event "Let's Play Chess!"]
[Site "http://www.queenalice.com/game.php?id=50982"]
[Date "2006.2.4"]
[Round "-"]
[White "chrosc"]
[Black "Edgar"]
[Result "0-1"]
[WhiteElo "1196"]
[BlackElo "1884"]

1. e4 e5 2. d4 exd4 3. Qxd4 Nc6 4. Qd5 Nb4 5. Qb3 a6 6. a3 Nc6 7. Bd3 Nd4 8. Qc4
c5 9. c3 Nc6 10. b4 Ne5 11. Qd5 Nxd3+ 12. Qxd3 d5 13. bxc5 Bxc5 14. exd5 Nf6 15.
Qe2+ Be7 16. Qe5 O-O 17. Nf3 Re8 18. Be3 Bc5 19. Qf4 Re4 20. Qg5 Bxe3 21. fxe3
h6 22. Qe5 Rxe5 23. Nxe5 Qxd5 24. Nf3 Qd3 25. Kf2 Ne4+ 26. Ke1 Bf5 27. Nbd2
Qxe3+ 28. Kf1 Qf2# 0-1

[Event "Let's Play Chess!"]
[Site "http://www.queenalice.com/game.php?id=50983"]
[Date "2006.2.4"]
[Round "-"]
[White "aarongale"]
[Black "chrosc"]
[Result "1-0"]
[WhiteElo "1618"]
[BlackElo "1175"]

1. e4 e5 2. Nf3 d5 3. exd5 Qxd5 4. c4 Qe4+ 5. Be2 Bg4 6. d3 Bb4+ 7. Bd2 Bxd2+ 8.
Nbxd2 Qf5 9. Nh4 Bxe2 10. Qxe2 Qf4 11. O-O-O Ne7 12. g3 Qd4 13. Ndf3 Qc5 14. d4
exd4 15. Nxd4 O-O 16. Nb3 Qg5+ 17. f4 Qf6 18. Qd3 Nbc6 19. Nf3 Rad8 20. Qc2 Nb4
21. Qb1 Rxd1+ 22. Rxd1 Qc6 23. Ng5 h6 24. Qh7# 1-0

[Event "AUTO-INT-79"]
[Site "http://www.queenalice.com/game.php?id=55966"]
[Date "2006.3.6"]
[Round "1"]
[White "laser99"]
[Black "chrosc"]
[Result "1-0"]
[WhiteElo "1703"]
[BlackElo "1188"]

1. e4 e5 2. Nf3 d6 3. Nc3 Bg4 4. Be2 Nc6 5. d3 Bxf3 6. Bxf3 Nd4 7. Be3 Nxf3+ 8.
Qxf3 Qf6 9. Qxf6 Nxf6 10. O-O Be7 11. f4 O-O 12. fxe5 Ng4 13. Bf2 dxe5 14. Nd5
Bd6 15. Ne3 Nxf2 16. Rxf2 f6 17. c3 a5 18. Rd2 a4 19. a3 c6 20. Kf1 Rfd8 21. d4
1-0

[Event "AUTO-INT-79"]
[Site "http://www.queenalice.com/game.php?id=55967"]
[Date "2006.3.6"]
[Round "1"]
[White "chrosc"]
[Black "laser99"]
[Result "0-1"]
[WhiteElo "1188"]
[BlackElo "1707"]

1. e4 e5 2. Nf3 Nc6 3. Bb5 a6 4. Bxc6 dxc6 5. Nxe5 Qd4 6. Nxf7 Qxe4+ 7. Kf1 Kxf7
8. Nc3 Qg6 9. Qf3+ Nf6 10. d4 Be7 11. h4 Rd8 12. Qd3 Qxd3+ 13. cxd3 Rxd4 14. Bg5
Bf5 15. Bxf6 Bxf6 16. Ne4 Rad8 17. Nxf6 Kxf6 18. h5 Rxd3 19. Re1 Rd1 20. h6 Bd3+
0-1

[Event "AUTO-INT-79"]
[Site "http://www.queenalice.com/game.php?id=55972"]
[Date "2006.3.6"]
[Round "1"]
[White "Altos"]
[Black "chrosc"]
[Result "1-0"]
[WhiteElo "1511"]
[BlackElo "1192"]

1. e4 c6 2. d4 d5 3. e5 Bf5 4. Bf4 e6 5. Nf3 f6 6. Bd3 Nd7 7. Bxf5 exf5 8. Qd3
fxe5 9. dxe5 Nc5 10. Qxf5 Ne7 11. Bg5 Nxf5 12. Bxd8 Rxd8 13. Nc3 Ne4 14. Nxe4
dxe4 15. O-O exf3 16. gxf3 Bc5 17. f4 Nd4 18. c4 O-O 19. b3 Rxf4 20. Kg2 Rdf8
21. Rae1 Nf3 22. Re2 Rg4+ 23. Kh1 Re8 24. h3 1-0

[Event "AUTO-INT-79"]
[Site "http://www.queenalice.com/game.php?id=55973"]
[Date "2006.3.6"]
[Round "1"]
[White "chrosc"]
[Black "Altos"]
[Result "0-1"]
[WhiteElo "1196"]
[BlackElo "1507"]

1. e4 e6 2. e5 c5 3. Nf3 d6 4. Bb5+ Bd7 5. a4 Bxb5 6. axb5 b6 7. O-O d5 8. d4
cxd4 9. Qxd4 Bc5 10. Qh4 Qxh4 11. Nxh4 Bd4 12. Nf3 Bc5 13. Be3 Bxe3 14. fxe3 h6
15. Nbd2 Ne7 16. c4 dxc4 17. Nxc4 Nf5 18. Nxb6 Nxe3 19. Rfc1 Nd7 20. Nxa8 Ke7
21. Nc7 f6 22. exf6+ gxf6 23. Rxa7 Rd8 0-1